000 00821cam a2200241 a 4500
001 000018284
005 20200929165433.0
008 780811s1942 ve 000 d spa d
035 _a(DLC) 43001340
035 _a(OCoLC)4130206
040 _aDO-SdBNP
_bspa
_cIU
_dDLC
_dBNPHU
082 _aV862.4
_bC144p
100 1 _aCalcano, Eduardo.
_939593
245 1 3 _aEl polo negativo :
_b(comedia) /
_cEduardo Calcaño.
260 _aCaracas :
_bElite,
_c1942.
300 _a60 p. ;
_c17 cm.
490 1 _aCuadernos literarios de la "asociación de escritores venezolanos"
_v33
650 4 _aTeatro venezolano
_923074
650 4 _aLiteratura venezolana
_ySIGLO XX
_99777
830 0 _aCuadernos literarios de la "asociación de escritores venezolanos" ;
_v33
_96734
910 _aCatalogación por copia / LC
049 _aBNGR
999 _c17805
_d17805